Normal view
MARC view
- Hammad Ahmad
Entry Personal Name
001 - CONTROL NUMBER
- control field: 51890
003 - CONTROL NUMBER IDENTIFIER
- control field: NUST
005 - DATE AND TIME OF LATEST TRANSACTION
- control field: 20210314135106.0
008 - FIXED-LENGTH DATA ELEMENTS
- fixed length control field: 210314|| aca||aabn | a|a d
040 ## - CATALOGING SOURCE
- Original cataloging agency: NUST
- Transcribing agency: NUST
100 ## - HEADING--PERSONAL NAME
- Personal name: Hammad Ahmad
670 ## - SOURCE DATA FOUND
- Source citation: Work cat.: (NUST): Sarfaraz, Waqas Ali 51888, Improving Hammer Efficiency and Hammer Energy Calibration of SPT, 2020.
